Facultad de Derecho – Universidad Nacional de Mar del Plata

Responsabilidad por incumplimiento contractual (Record no. 5177)

MARC details
000 -CABECERA
campo de control de longitud fija 00874nam a22001697a 4500
020 ## - NUMERO INTERNACIONAL NORMALIZADO PARA LIBROS (ISBN)
International Standard Book Number 9507411399
080 ## - NUMERO DE CLASIFICACION DECIMAL UNIVERSAL (CDU)
Número de la Clasificación Decimal Universal 347.51 / 56 R
245 ## - MENCION DE TITULO
Título propiamente dicho Responsabilidad por incumplimiento contractual
250 ## - MENCION DE EDICION
Mención de edición 1° Ed. 1° Reimp.
260 ## - PUBLICACION, DISTRIBUCION, ETC. (PIE DE IMPRENTA)
Lugar de publicación, distribución, etc. Buenos Aires:
Nombre del editor, distribuidor, etc. Hammurabi,
Fecha de publicación, distribución, etc. 2003
300 ## - DESCRIPCION FISICA
Extensión 264 P.
Dimensiones 23 X 16 Cm.
490 ## - MENCION DE SERIE
Mención de serie Responsabilidad Civil
Designación numérica/secuencial del volumen 13
650 ## - ASIENTO SECUNDARIO DE MATERIA - TERMINO TEMATICO
Subdivisión general obligaciones
-- responsabilidad civil
-- daños
-- obligaciones de medios
-- obligaciones de resultado
-- responsabilidad contractual
-- incumplimiento contractual
-- culpa
-- culpa social
-- responsabilidad contractual subjetiva
-- responsabilidad contractual objetiuva
-- mora
-- factor de atribucion
-- responsabilidad civil contractual
-- obligacion de seguridad
-- carga de prueba
-- incumplimiento culposo
-- incumplimiento doloso
700 ## - ASIENTO SECUNDARIO - NOMBRE PERSONAL
Nombre personal Agoglia, Maria M.
Término de relación Boragina, Juan C.
-- Meza, Jorge A.
945 ## - INFORMACION DE PROCESAMIENTO LOCAL
Responsable de carga/modificación Celeste Delía
AAAA-MM-DD - Fecha de ingreso/modificación 2022-08-05
942 ## - ELEMENTOS AGREGADOS (KOHA)
Clasificación normalizada de Koha para alfabetizar _
Holdings
Retirado Perdido Fuente de clasificación Dañado No se presta Ubicación permanente Locación actual Estante o sala Fecha de adquisición Total préstamos Signatura topográfica Inventario Ultima fecha vista Fecha del precio Tipo de item de Koha
          Bib. Derecho Bib. Derecho Sala de Lectura 05/08/2022   347.51 / 56 R 204188 05/08/2022 05/08/2022 LIBRO (Consulta)

XHTML | CSS | ©Biblioteca Central - Dto. Tecnología de la Información - [ Con tecnología Koha ]